<?xml version="1.0" encoding="UTF-8"?>
<record
    xmlns:xsi="http://www.w3.org/2001/XMLSchema-instance"
    xsi:schemaLocation="http://www.loc.gov/MARC21/slim http://www.loc.gov/standards/marcxml/schema/MARC21slim.xsd"
    xmlns="http://www.loc.gov/MARC21/slim">

  <leader>00485nam a22001937a 4500</leader>
  <controlfield tag="005">20260603122313.0</controlfield>
  <controlfield tag="008">260603b        |||||||| |||| 00| 0 eng d</controlfield>
  <datafield tag="020" ind1=" " ind2=" ">
    <subfield code="a">9788171418671</subfield>
    <subfield code="c">1000.00</subfield>
  </datafield>
  <datafield tag="040" ind1=" " ind2=" ">
    <subfield code="a">MAIN</subfield>
  </datafield>
  <datafield tag="041" ind1=" " ind2=" ">
    <subfield code="a">English</subfield>
  </datafield>
  <datafield tag="082" ind1=" " ind2=" ">
    <subfield code="a">530</subfield>
    <subfield code="b">VAN</subfield>
  </datafield>
  <datafield tag="100" ind1=" " ind2=" ">
    <subfield code="a">Vanaja, M.</subfield>
    <subfield code="9">26993</subfield>
  </datafield>
  <datafield tag="245" ind1=" " ind2=" ">
    <subfield code="a">Methods of Teaching Physics</subfield>
  </datafield>
  <datafield tag="260" ind1=" " ind2=" ">
    <subfield code="a">New Delhi</subfield>
    <subfield code="b">Discovery </subfield>
    <subfield code="c">2020</subfield>
  </datafield>
  <datafield tag="300" ind1=" " ind2=" ">
    <subfield code="a">339</subfield>
  </datafield>
  <datafield tag="650" ind1=" " ind2=" ">
    <subfield code="a">Physics (PM USHA</subfield>
    <subfield code="9">26699</subfield>
  </datafield>
  <datafield tag="700" ind1=" " ind2=" ">
    <subfield code="a">Rao, Bhaskara </subfield>
    <subfield code="9">26994</subfield>
  </datafield>
  <datafield tag="942" ind1=" " ind2=" ">
    <subfield code="c">BK</subfield>
  </datafield>
  <datafield tag="999" ind1=" " ind2=" ">
    <subfield code="c">60969</subfield>
    <subfield code="d">60969</subfield>
  </datafield>
  <datafield tag="952" ind1=" " ind2=" ">
    <subfield code="0">0</subfield>
    <subfield code="1">0</subfield>
    <subfield code="2">ddc</subfield>
    <subfield code="4">0</subfield>
    <subfield code="6">530_000000000000000_VAN</subfield>
    <subfield code="7">1</subfield>
    <subfield code="9">94259</subfield>
    <subfield code="a">MAIN</subfield>
    <subfield code="b">MAIN</subfield>
    <subfield code="d">2026-06-03</subfield>
    <subfield code="o">530 VAN</subfield>
    <subfield code="p">33260</subfield>
    <subfield code="r">2026-06-03</subfield>
    <subfield code="w">2026-06-03</subfield>
    <subfield code="y">REF</subfield>
  </datafield>
  <datafield tag="952" ind1=" " ind2=" ">
    <subfield code="0">0</subfield>
    <subfield code="1">0</subfield>
    <subfield code="2">ddc</subfield>
    <subfield code="4">0</subfield>
    <subfield code="6">530_000000000000000_VAN</subfield>
    <subfield code="7">0</subfield>
    <subfield code="9">94260</subfield>
    <subfield code="a">MAIN</subfield>
    <subfield code="b">MAIN</subfield>
    <subfield code="d">2026-06-03</subfield>
    <subfield code="l">0</subfield>
    <subfield code="o">530 VAN</subfield>
    <subfield code="p">33261</subfield>
    <subfield code="r">2026-06-03</subfield>
    <subfield code="w">2026-06-03</subfield>
    <subfield code="y">BK</subfield>
  </datafield>
  <datafield tag="952" ind1=" " ind2=" ">
    <subfield code="0">0</subfield>
    <subfield code="1">0</subfield>
    <subfield code="2">ddc</subfield>
    <subfield code="4">0</subfield>
    <subfield code="6">530_000000000000000_VAN</subfield>
    <subfield code="7">0</subfield>
    <subfield code="9">94261</subfield>
    <subfield code="a">MAIN</subfield>
    <subfield code="b">MAIN</subfield>
    <subfield code="d">2026-06-03</subfield>
    <subfield code="l">0</subfield>
    <subfield code="o">530 VAN</subfield>
    <subfield code="p">33262</subfield>
    <subfield code="r">2026-06-03</subfield>
    <subfield code="w">2026-06-03</subfield>
    <subfield code="y">BK</subfield>
  </datafield>
</record>
